| 000 | 00771nas a2200241 4500 | ||
|---|---|---|---|
| 001 | BR0901419 | ||
| 003 | BR-BrBNA | ||
| 005 | 20231205113227.0 | ||
| 007 | ta | ||
| 008 | 230509b bl.|||p| |||| 00| 00por d | ||
| 040 |
_aBR-BrBNA _bpor _cBiblioteca Nacional de Agricultura |
||
| 041 | _a(Pt) | ||
| 072 | _aL20 | ||
| 100 | 1 | _aSantos, A.C. dos | |
| 100 | 1 | _aMorelli, S. | |
| 245 | 1 | _aComparação citogenética de duas populações de Astyanaxscabripinnis (Pinces, Characidae)da região do triângulo mineiro. | |
| 650 | _aGENÉTICA | ||
| 650 | _aPEIXE | ||
| 650 | _aTRIÂNGULO MINEIRO | ||
| 773 | 0 |
_tBioscience Journal (Brazil) _xISSN 1516-3725 _g(Jan-Apr 2006), v. 22(1) p. 145-150 _wBR0901419 |
|
| 909 |
_a202311 _bLúcia _c55 _dLúcia Elande |
||
| 942 |
_2AGRIS _n0 _cANA |
||
| 999 |
_c202566 _d202566 |
||